000 00546nam a22002177a 4500
003 UA-OsUOA
001 51158
007 ta
008 20071212b un ||||| |||| 00| 0 ukr d
100 _aКарасьов В.
090 _a32
_bК-12
942 _cSA
040 _aUA-OsUOA
_bukr
_cUA-OsUOA
_dUA-OsUOA
245 _aПро "формулу успішності" в українській політиці
300 _aС.4
955 _a0
041 _aukr
080 _a32
773 0 _w51156
650 7 _a32 Політика
_2UDC
999 _c337251
_d337251